=LDR 00000nam 2200000 4500 =001 INLIS000000000026668 =005 20130612125109 =008 ***********************************ind** =035 ##$$0010-061300000026668 =041 ##$$a ind =082 ##$$a 750 =090 ##$$a 750, SET k =100 ##$$a Setiawati, Puspita =245 ##$$a Kupas tuntas membatik, dilengkapi teknik menyablon, Puspita Setiawati =260 ##$$a 2004 $b Yogyakarta =300 ##$$a 205 hlm., ilus., 20 cm =650 ##$$a Seni Membatik =850 ##$$a NBPNMAT